Équipes de la Coupe du Monde de la FIFA 2022 par composition - Statistiques

Statistiques générales
  • Ce quiz a été pris 1 828 fois
  • Le résultat moyen est 28 sur 32
Statistiques - réponses
Par images Réponse % Correct
Croatie
99%
Brésil
98%
Angleterre
97%
Maroc
97%
Pologne
97%
Suisse
96%
Belgique
95%
Japon
95%
Arabie Saoudite
94%
Espagne
94%
Uruguay
94%
France
93%
Pays-Bas
93%
Allemagne
91%
Portugal
91%
Costa Rica
89%
Serbie
89%
Corée du Sud
87%
États-Unis
87%
Mexique
87%
Argentine
85%
Canada
85%
Sénégal
85%
Danemark
84%
Équateur
84%
Cameroun
83%
Ghana
81%
Australie
79%
Pays de Galles
79%
Qatar
76%
Iran
75%
Tunisie
67%
Aucun quiz correspondant
Distribution des résultats
% des personnes avec chaque résultat
Percentile par nombre de réponses
Votre historique - résultats
Vous n’avez pas pris ce quiz